| 000 | 00962nam a2200253 a 4500 | ||
|---|---|---|---|
| 008 | 100721s2009 ||||||||||||||||| || u | ||
| 020 | _a9781405118156 | ||
| 050 | _aKD 175.C6 Egg | ||
| 100 | _aEggleston, Brian | ||
| 245 | 1 | 0 |
_aLiquidated damages and extensions of time in construction contracts. -- 3rd ed. _cby Brian Eggleston |
| 250 | _a3rd ed. | ||
| 260 |
_aChinchester, West Sussex: _bWiley-Blackwell _c2009 |
||
| 300 | _aviii, 394p.: ill. | ||
| 350 | _a0.00 | ||
| 500 | _aIncludes Index | ||
| 650 | _aCONTRACTS | ||
| 650 | _aBREACH OF CONTRACTS--WALES | ||
| 650 | _aCONSTRUCTION CONTRACTS--ENGLAND | ||
| 650 | _aPERFORMANCE (LAW)--WALES | ||
| 650 | _aBREACH OF CONTRACTS--ENGLAND | ||
| 650 | _aCONSTRUCTION CONTRACTS--WALES | ||
| 650 | _aPERFORMANCE (LAW)--ENGLAND | ||
| 995 |
_D0.00 _FCBU-MAIN LIBRARY (Kitwe) _H1 _I0.00 _M1 _UAVAILABLE _WAug 24, 2010 _ZMain Library Open Access Collection |
||
| 999 |
_c49342 _d49342 |
||